Một số đặc điểm của người cao tuổi /

محفوظ في:
التفاصيل البيبلوغرافية
المؤلف الرئيسي: Vũ Dũng.
مؤلفون آخرون: Phạm Hiền.
التنسيق: مقال
اللغة:Vietnamese
الموضوعات:
الوسوم: إضافة وسم
لا توجد وسوم, كن أول من يضع وسما على هذه التسجيلة!
Thư viện lưu trữ: Thư viện Trường Đại học Đà Lạt
LEADER 00776nam a2200277 4500
001 DLU180183345
005 ##20180122
040 # # |a DLU  |b vie 
041 # # |a vie 
044 # # |a vn 
100 # # |a Vũ Dũng. 
245 # # |a Một số đặc điểm của người cao tuổi /  |c Vũ Dũng, Phạm Hiền. 
653 # # |a Hành vi 
653 # # |a Người cao tuổi 
653 # # |a Nhận thức 
653 # # |a Tình cảm 
700 # # |a Phạm Hiền. 
773 # # |t Tâm lý học  |g Số 3(204), 2016, tr. 1-10 
920 # # |a Phòng Tạp chí -- Trung tâm Thông tin - Thư viện Trường Đại học Đà Lạt 
900 # # |a True 
911 # # |a Nguyễn Thị Thu Phương 
925 # # |a G 
926 # # |a A 
927 # # |a BB 
980 # # |a Thư viện Trường Đại học Đà Lạt